[Event "DEN-chT 2324 61st"]
[Site "Denmark"]
[Date "2024.01.27"]
[Round "5.2"]
[White "Hansen, Sune Berg"]
[Black "Svane, Rasmus"]
[Result "0-1"]
[WhiteElo "2513"]
[BlackElo "2637"]
[PlyCount "148"]
[EventDate "2023.10.28"]
[EventType "team-tourn"]
[EventRounds "9"]
[EventCountry "DEN"]
[SourceTitle "CB11_2024"]
[SourceDate "2024.03.13"]
[SourceVersion "1"]
[SourceVersionDate "2024.03.13"]
[SourceQuality "1"]
[WhiteTeam "Hillerod"]
[BlackTeam "Skanderborg Nordea"]
[WhiteTeamCountry "DEN"]
[BlackTeamCountry "DEN"]

1. e4 e5 2. Nf3 Nc6 3. d4 exd4 4. Nxd4 Qf6 5. Nf3 Bb4+ 6. Nbd2 Nge7 7. Be2 0-0 8. 0-0 Bc5 9. a4 d6 10. Nb3 Qg6 11. e5 h6 12. Re1 Rd8 13. Bd3 Qh5 14. h3 Be6 15. exd6 Bxd6 16. Nbd4 Bd5 17. Bd2 a6 18. Bc3 Re8 19. Be2 Rad8 20. Qc1 Nxd4 21. Nxd4 Qe5 22. Nf3 Qf5 23. Bd3 Qh5 24. Ne5 Nc6 25. Nxc6 Bxc6 26. Rxe8+ Rxe8 27. Qd2 Qh4 28. b3 Bf4 29. Qd1 Be5 30. Qd2 Qf6 31. Bxe5 Rxe5 32. f4 Rg5 33. Re1 Rd5 34. Qe3 g6 35. f5 gxf5 36. Bc4 Rd7 37. Rf1 Be4 38. Rf2 Rd1+ 39. Bf1 Qg5 40. Qc3 c6 41. g3 h5 42. h4 Qg4 43. Qe3 Qh3 44. Qg5+ Kf8 45. Qd8+ Rxd8 46. Bxh3 Rd1+ 47. Rf1 Bxc2 48. Rxd1 Bxd1 49. a5 Bxb3 50. Bxf5 Be6 51. Bd3 Ke7 52. Kf2 Kd6 53. Ke3 Bg4 54. Kd4 c5+ 55. Kc4 Bf3 56. Bc2 Be2+ 57. Kc3 Kd5 58. Bf5 Bf3 59. Bd3 f6 60. Bg6 Be2 61. Kd2 Bg4 62. Kc3 Bf3 63. Bf5 c4 64. Bg6 Kc5 65. Be8 Bg4 66. Ba4 Kd5 67. Bc2 f5 68. Bb1 Kc5 69. Bc2 Kb5 70. Bb1 Kxa5 71. Kxc4 b5+ 72. Kc5 Ka4 73. Kb6 a5 74. Bd3 Kb4 0-1

[Event "Titled Tuesday intern op 26th Sep Early"]
[Site "Chess.com INT"]
[Date "2023.09.26"]
[Round "3"]
[White "Hansen, Sune Berg"]
[Black "Osmak, Iulija"]
[Result "1-0"]
[WhiteElo "2512"]
[BlackElo "2449"]
[PlyCount "63"]
[EventDate "2023.09.26"]
[EventType "swiss (blitz)"]
[EventRounds "11"]
[EventCountry "USA"]
[SourceTitle "EXT 2024"]
[Source "ChessBase"]
[SourceDate "2023.10.10"]
[SourceVersion "1"]
[SourceVersionDate "2023.10.10"]
[SourceQuality "1"]

1. e4 c6 2. Nf3 d5 3. d3 Qc7 4. g3 dxe4 5. dxe4 e5 6. Bg2 Nf6 7. 0-0 Bc5 8. Nbd2 0-0 9. h3 Re8 10. Re1 Nbd7 11. a4 a5 12. Nb3 Bb6 13. Bg5 h6 14. Bd2 Nc5 15. Nxc5 Bxc5 16. Nh4 Qb6 17. Qf3 Nh7 18. b3 Be6 19. Nf5 Rad8 20. Re2 Ng5 21. Bxg5 hxg5 22. Qh5 Bxf5 23. exf5 Be7 24. Be4 Bf6 25. Rae1 Rd4 26. Bd3 Red8 27. Bc4 Qc7 28. Kg2 Rd1 29. Rxd1 Rxd1 30. Rxe5 Qxe5 31. Qxf7+ Kh7 32. Qg8+ 1-0

[Event "Gothenburg Kvibergspelen"]
[Site "Gothenburg"]
[Date "2023.09.17"]
[Round "7"]
[White "Hansen, Sune Berg"]
[Black "Reimanis, Ritvars"]
[Result "1-0"]
[WhiteElo "2512"]
[BlackElo "2361"]
[PlyCount "157"]
[EventDate "2023.09.15"]
[EventType "swiss"]
[EventRounds "8"]
[EventCountry "SWE"]
[SourceTitle "EXT 2024"]
[Source "ChessBase"]
[SourceDate "2023.10.10"]
[SourceVersion "1"]
[SourceVersionDate "2023.10.10"]
[SourceQuality "1"]

1. d4 Nf6 2. Nf3 e6 3. c4 d5 4. g3 Nbd7 5. Bg2 dxc4 6. 0-0 Rb8 7. a4 a6 8. a5 Bd6 9. Nbd2 b5 10. axb6 Nxb6 11. Nxc4 Nxc4 12. Qa4+ Rb5 13. Qxc4 Bb7 14. Ne1 Nd5 15. e4 Nb6 16. Qc2 0-0 17. Nd3 Qa8 18. Re1 Nd7 19. Bd2 c5 20. Bc3 cxd4 21. Bxd4 Rc8 22. Qe2 e5 23. Bc3 Re8 24. Red1 Qb8 25. Rd2 Nb6 26. Rc2 Qd8 27. Bd2 Nd7 28. Be3 Qa8 29. f3 Nf8 30. Nc5 Bxc5 31. Bxc5 Ne6 32. Qxb5 axb5 33. Rxa8 Rxa8 34. Be3 Ra4 35. Kf2 Kf8 36. Bf1 Rb4 37. Bd2 Rb3 38. Be3 Ke7 39. Be2 Kd6 40. Rd2+ Kc6 41. Bd1 Rb4 42. b3 Kc7 43. Rd3 h5 44. h3 g6 45. g4 hxg4 46. hxg4 f6 47. Ke1 Bc6 48. Kd2 f5 49. gxf5 gxf5 50. exf5 Nf4 51. f6 Ne6 52. f7 Rh4 53. Bg5 Rh7 54. Bd8+ Kb7 55. Bf6 Rxf7 56. Bxe5 Rf5 57. Re3 Bd5 58. Kc3 Kc6 59. Kb4 Kb6 60. Bg3 Nd4 61. f4 Rf7 62. Rd3 Nc6+ 63. Kc3 Be4 64. Rd6 Kc5 65. Rh6 b4+ 66. Kd2 Nd4 67. Rh5+ Nf5 68. Bf2+ Kc6 69. Be2 Rd7+ 70. Ke1 Re7 71. Kf1 Rg7 72. Rg5 Rh7 73. Bc4 Nd6 74. Rc5+ Kd7 75. Ba6 Rh3 76. Be2 Rxb3 77. Bg4+ Ke8 78. Re5+ Kd8 79. Bb6# 1-0

[Event "Gothenburg Kvibergspelen"]
[Site "Gothenburg"]
[Date "2023.09.15"]
[Round "1"]
[White "Olsson, Tomas"]
[Black "Hansen, Sune Berg"]
[Result "0-1"]
[WhiteElo "1873"]
[BlackElo "2512"]
[PlyCount "68"]
[EventDate "2023.09.15"]
[EventType "swiss"]
[EventRounds "8"]
[EventCountry "SWE"]
[SourceTitle "EXT 2024"]
[Source "ChessBase"]
[SourceDate "2023.10.10"]
[SourceVersion "1"]
[SourceVersionDate "2023.10.10"]
[SourceQuality "1"]

1. e4 e5 2. Nf3 Nc6 3. Bb5 a6 4. Ba4 d6 5. Bxc6+ bxc6 6. d4 f6 7. Nc3 Ne7 8. Be3 Ng6 9. Qd2 Be7 10. h4 h5 11. dxe5 Nxe5 12. Nxe5 fxe5 13. Bg5 Bxg5 14. hxg5 g6 15. 0-0-0 Rf8 16. f3 Qe7 17. Rdf1 Be6 18. g3 0-0-0 19. f4 d5 20. exd5 Bxd5 21. Nxd5 Rxd5 22. Qe2 Kb7 23. Kb1 Qd6 24. Rf3 exf4 25. gxf4 Rxf4 26. Rb3+ Rb5 27. Rd1 Rd4 28. Re1 Rd2 29. Rxb5+ axb5 30. Qf3 Qc5 31. Qb3 Qxg5 32. a4 Qd5 33. Qc3 Qd4 34. Qf3 Qxa4 0-1

[Event "Titled Tuesday intern op 04th Apr Late"]
[Site "Chess.com INT"]
[Date "2023.04.04"]
[Round "4"]
[White "Hansen, Sune Berg"]
[Black "Mendes, Aaron Reeve"]
[Result "1-0"]
[WhiteElo "2517"]
[BlackElo "2043"]
[PlyCount "63"]
[EventDate "2023.04.04"]
[EventType "swiss (blitz)"]
[EventRounds "11"]
[EventCountry "USA"]
[SourceTitle "EXT 2024"]
[Source "ChessBase"]
[SourceDate "2023.10.10"]
[SourceVersion "1"]
[SourceVersionDate "2023.10.10"]
[SourceQuality "1"]

1. Nf3 d5 2. g3 Nf6 3. Bg2 e6 4. 0-0 Bd6 5. d3 0-0 6. Nbd2 c6 7. e4 Nbd7 8. Re1 e5 9. b3 Re8 10. Bb2 d4 11. Rf1 b5 12. Nh4 Nf8 13. Nf5 Bc7 14. f4 g6 15. fxe5 Bxe5 16. Nh4 Ng4 17. Qf3 Qc7 18. Qe2 Ne3 19. Ndf3 Nxf1 20. Rxf1 c5 21. Nxe5 Qxe5 22. b4 Be6 23. Nf3 Qc7 24. bxc5 Qxc5 25. Bxd4 Qh5 26. Qe3 Nd7 27. a3 Bg4 28. Rf2 Bxf3 29. Bxf3 Qh3 30. Qf4 h5 31. Bg4 Re7 32. Bxh3 1-0

[Event "Titled Tuesday intern op 14th Feb Early"]
[Site "Chess.com INT"]
[Date "2023.02.14"]
[Round "4"]
[White "Delorme, Axel"]
[Black "Hansen, Sune Berg"]
[Result "0-1"]
[WhiteElo "2483"]
[BlackElo "2521"]
[PlyCount "102"]
[EventDate "2023.02.14"]
[EventType "swiss (blitz)"]
[EventRounds "11"]
[EventCountry "USA"]
[SourceTitle "CBM 212 Extra"]
[Source "ChessBase"]
[SourceDate "2023.03.31"]
[SourceVersion "1"]
[SourceVersionDate "2023.03.31"]
[SourceQuality "1"]

1. e4 e5 2. Nf3 Nc6 3. Bb5 a6 4. Ba4 Nf6 5. 0-0 Be7 6. Re1 b5 7. Bb3 0-0 8. a4 Bb7 9. d3 d6 10. Bd2 Nb8 11. Nc3 c6 12. axb5 axb5 13. Rxa8 Bxa8 14. d4 Nbd7 15. Be3 Qc7 16. d5 b4 17. dxc6 bxc3 18. cxd7 cxb2 19. Nd2 Rb8 20. Qb1 Qc3 21. f3 Nxd7 22. Nc4 Qb4 23. Bd2 Qc5+ 24. Be3 Qc7 25. Nxb2 Nc5 26. Nd3 Nxb3 27. cxb3 h5 28. Rc1 Qd7 29. b4 Qb5 30. Qc2 Bb7 31. Qc7 Ra8 32. Qxe7 Qxd3 33. Bf2 Qd2 34. Re1 Qxb4 35. h4 Bc6 36. Rc1 Be8 37. Be3 Qa3 38. Re1 Qc3 39. Bf2 Qc6 40. Rd1 Ra6 41. Kh2 Qd7 42. Qxd7 Bxd7 43. Bg3 Be6 44. f4 f6 45. f5 Bb3 46. Rd3 Bc2 47. Re3 Ra4 48. Be1 Bxe4 49. Re2 d5 50. Rd2 d4 51. Bf2 Bxf5 0-1

[Event "Titled Tuesday intern op 14th Feb Early"]
[Site "Chess.com INT"]
[Date "2023.02.14"]
[Round "10"]
[White "Hansen, Sune Berg"]
[Black "Avinash, Ramesh"]
[Result "1/2-1/2"]
[WhiteElo "2521"]
[BlackElo "2319"]
[PlyCount "133"]
[EventDate "2023.02.14"]
[EventType "swiss (blitz)"]
[EventRounds "11"]
[EventCountry "USA"]
[SourceTitle "CBM 212 Extra"]
[Source "ChessBase"]
[SourceDate "2023.03.31"]
[SourceVersion "1"]
[SourceVersionDate "2023.03.31"]
[SourceQuality "1"]

1. e4 e6 2. d3 d5 3. Nd2 Nf6 4. Ngf3 Nc6 5. c3 dxe4 6. dxe4 Bc5 7. Bb5 0-0 8. 0-0 Bd7 9. Qe2 a6 10. Bd3 e5 11. b4 Bb6 12. Nc4 Qe7 13. Bg5 h6 14. Bh4 g5 15. Bg3 Nh5 16. Nxb6 cxb6 17. Bc4 Nf4 18. Qe3 Kg7 19. Qxb6 Rab8 20. Rad1 Bg4 21. Qe3 Qf6 22. Rd2 h5 23. Rfd1 h4 24. Rd6 Rbd8 25. Bxf4 Rxd6 26. Rxd6 Qxd6 27. Bxg5 h3 28. Bd5 Ne7 29. Bxe7 Qxe7 30. gxh3 Bxf3 31. Qxf3 Qg5+ 32. Qg4 Qxg4+ 33. hxg4 b6 34. c4 a5 35. a3 axb4 36. axb4 Kf6 37. c5 bxc5 38. bxc5 Ke7 39. c6 Rh8 40. Kg2 f6 41. Kg3 Ra8 42. h4 Ra3+ 43. f3 Kd6 44. g5 fxg5 45. hxg5 Ra1 46. Kg4 Rg1+ 47. Kf5 Rg3 48. g6 Rxf3+ 49. Kg5 Rg3+ 50. Kf6 Rf3+ 51. Kg5 Rg3+ 52. Kh6 Rh3+ 53. Kg7 Rg3 54. Kf7 Rf3+ 55. Kg7 Rg3 56. Kh7 Rh3+ 57. Kg8 Ke7 58. g7 Rc3 59. Kh7 Rh3+ 60. Kg6 Rg3+ 61. Kf5 Rxg7 62. Kxe5 Kd8 63. Kd6 Rc7 64. Be6 Re7 65. e5 Rc7 66. Bd7 Rxd7+ 67. cxd7 1/2-1/2

[Event "Titled Tuesday intern op 14th Feb Early"]
[Site "Chess.com INT"]
[Date "2023.02.14"]
[Round "7"]
[White "Hansen, Sune Berg"]
[Black "Heinemann, Josefine"]
[Result "1-0"]
[WhiteElo "2521"]
[BlackElo "2336"]
[PlyCount "59"]
[EventDate "2023.02.14"]
[EventType "swiss (blitz)"]
[EventRounds "11"]
[EventCountry "USA"]
[SourceTitle "CBM 212 Extra"]
[Source "ChessBase"]
[SourceDate "2023.03.31"]
[SourceVersion "1"]
[SourceVersionDate "2023.03.31"]
[SourceQuality "1"]

1. e4 e5 2. Nf3 Nc6 3. Bb5 a6 4. Ba4 Nf6 5. d3 b5 6. Bb3 Bc5 7. c3 d6 8. 0-0 0-0 9. Bg5 Be6 10. Bc2 h6 11. Bh4 g5 12. Bg3 Ne7 13. d4 exd4 14. cxd4 Bb6 15. Nc3 Ng6 16. Re1 Nh5 17. a3 Nhf4 18. h3 g4 19. hxg4 Bxg4 20. Re3 Qf6 21. Qd2 h5 22. e5 Qg7 23. Bxg6 Nxg6 24. Nd5 Bxf3 25. Rxf3 dxe5 26. Nf6+ Kh8 27. Nxh5 Qh7 28. Nf6 Qg7 29. Bxe5 Nxe5 30. Rh3+ 1-0

[Event "Titled Tuesday intern op 14th Feb Early"]
[Site "Chess.com INT"]
[Date "2023.02.14"]
[Round "2"]
[White "Nakamura, Hikaru"]
[Black "Hansen, Sune Berg"]
[Result "1-0"]
[WhiteElo "2768"]
[BlackElo "2521"]
[PlyCount "65"]
[EventDate "2023.02.14"]
[EventType "swiss (blitz)"]
[EventRounds "11"]
[EventCountry "USA"]
[SourceTitle "CBM 212 Extra"]
[Source "ChessBase"]
[SourceDate "2023.03.31"]
[SourceVersion "1"]
[SourceVersionDate "2023.03.31"]
[SourceQuality "1"]

1. Nf3 Nf6 2. b3 g6 3. Bb2 Bg7 4. d4 0-0 5. e3 b6 6. g3 Bb7 7. Bg2 c5 8. dxc5 bxc5 9. 0-0 d6 10. c4 Nbd7 11. Qc2 Qc7 12. Nc3 Rfd8 13. Rfe1 Bc6 14. e4 Qb7 15. Nd5 Re8 16. Rad1 Rab8 17. Bc3 Ra8 18. e5 Nxd5 19. cxd5 Bb5 20. e6 fxe6 21. Bxg7 Kxg7 22. dxe6 Nf6 23. Nd4 Qa6 24. Nxb5 Qxb5 25. Bxa8 Rxa8 26. Qc4 Qa5 27. Re2 Rb8 28. Rc1 Rb4 29. Qd3 Qb6 30. Rc4 Rb5 31. g4 g5 32. h4 h6 33. h5 1-0

[Event "DEN-chT 2223 60th"]
[Site "Denmark"]
[Date "2023.01.15"]
[Round "6.1"]
[White "Petersen, Tom Petri"]
[Black "Hansen, Sune Berg"]
[Result "0-1"]
[WhiteElo "2300"]
[BlackElo "2525"]
[PlyCount "78"]
[EventDate "2022.10.29"]
[EventType "team-tourn"]
[EventRounds "9"]
[EventCountry "DEN"]
[SourceTitle "CBM 213 Extra"]
[Source "ChessBase"]
[SourceDate "2023.05.31"]
[SourceVersion "1"]
[SourceVersionDate "2023.05.31"]
[SourceQuality "1"]
[WhiteTeam "Nordre"]
[BlackTeam "Hillerod"]
[WhiteTeamCountry "DEN"]
[BlackTeamCountry "DEN"]

1. c4 g6 2. g3 Bg7 3. Bg2 d6 4. Nc3 Nf6 5. d4 0-0 6. Nf3 Nbd7 7. 0-0 e5 8. h3 exd4 9. Nxd4 Re8 10. e3 a5 11. b3 Nc5 12. Qc2 c6 13. Rb1 Bd7 14. Rd1 Qc8 15. Kh2 h5 16. e4 Nh7 17. Nce2 Qc7 18. h4 Rad8 19. f3 Bc8 20. Nf4 Be5 21. Nde2 Nf6 22. Bb2 Qe7 23. Bc3 b6 24. Nd3 Nxd3 25. Rxd3 d5 26. Bxe5 Qxe5 27. Rbd1 Rd7 28. f4 Qe7 29. cxd5 cxd5 30. e5 Ng4+ 31. Kg1 Ba6 32. Bxd5 Bxd3 33. Rxd3 Red8 34. Qc4 Kg7 35. Nc3 Rc7 36. Qd4 Qc5 37. Ne4 Qxd4+ 38. Rxd4 Rc1+ 39. Kg2 Rxd5 0-1

[Event "Titled Tuesday intern op 15th Nov Late"]
[Site "Chess.com INT"]
[Date "2022.11.15"]
[Round "8"]
[White "Hansen, Sune Berg"]
[Black "Sarkar, Justin"]
[Result "0-1"]
[WhiteElo "2532"]
[BlackElo "2350"]
[PlyCount "90"]
[EventDate "2022.11.15"]
[EventType "swiss (blitz)"]
[EventRounds "11"]
[EventCountry "USA"]
[SourceTitle "CBM 211 Extra"]
[Source "ChessBase"]
[SourceDate "2023.01.31"]
[SourceVersion "1"]
[SourceVersionDate "2023.01.31"]
[SourceQuality "1"]

1. e4 c5 2. Nf3 e6 3. d3 Nc6 4. g3 d5 5. Nbd2 Nf6 6. Bg2 Be7 7. 0-0 0-0 8. a4 b6 9. Re1 Bb7 10. e5 Nd7 11. Nf1 Re8 12. h4 f6 13. exf6 Bxf6 14. N1h2 Nde5 15. Ng5 h6 16. Nh3 Qd7 17. Nf4 Rf8 18. Bh3 Rae8 19. c3 d4 20. Bg2 dxc3 21. bxc3 Na5 22. Bxb7 Qxb7 23. Nh5 Qd5 24. Nf4 Qc6 25. Bd2 Rd8 26. Ng4 Nxg4 27. Qxg4 Nb3 28. Rxe6 Rd6 29. Rd1 Nxd2 30. Rxd2 Bxc3 31. Rde2 Bd4 32. Re8 Rxe8 33. Rxe8+ Qxe8 34. Kf1 Rf6 35. Qf3 Qf7 36. Qa8+ Kh7 37. Qe4+ g6 38. h5 Rxf4 39. gxf4 Qf5 40. Qe7+ Bg7 41. hxg6+ Kxg6 42. Qe8+ Qf7 43. Qe4+ Qf5 44. Qe8+ Kh7 45. Ke2 Qxf4 0-1

[Event "Nordkalottens Rapid"]
[Site "Gilleleje"]
[Date "2022.11.06"]
[Round "1"]
[White "Hector, Jonny"]
[Black "Hansen, Sune Berg"]
[Result "1-0"]
[WhiteElo "2447"]
[BlackElo "2532"]
[PlyCount "67"]
[EventDate "2022.11.06"]
[EventType "tourn (rapid)"]
[EventRounds "7"]
[EventCountry "DEN"]
[EventCategory "3"]
[SourceTitle "CBM 211 Extra"]
[Source "ChessBase"]
[SourceDate "2023.01.31"]
[SourceVersion "1"]
[SourceVersionDate "2023.01.31"]
[SourceQuality "1"]

1. d4 d5 2. Nc3 Nf6 3. Bg5 h6 4. Bxf6 exf6 5. e3 c6 6. Bd3 f5 7. Nge2 g6 8. Qd2 Nd7 9. f3 Nf6 10. 0-0-0 Qa5 11. Kb1 Be7 12. h3 h5 13. Nf4 Bb4 14. g4 Bxc3 15. bxc3 g5 16. Nxh5 Nxh5 17. gxh5 Rxh5 18. Rdg1 Be6 19. f4 f6 20. Be2 Rh6 21. fxg5 fxg5 22. Rxg5 0-0-0 23. h4 c5 24. h5 Bf7 25. Ka1 Rdd6 26. Rb1 Rb6 27. Rgg1 Bxh5 28. Rxb6 Rxb6 29. dxc5 Rh6 30. Rg8+ Kc7 31. Rg7+ Kc8 32. Qd3 Bg4 33. Bxg4 Rh1+ 34. Kb2 1-0

[Event "DEN-chT 2223 60th"]
[Site "Denmark"]
[Date "2022.10.29"]
[Round "1.5"]
[White "Matthiesen, Martin"]
[Black "Hansen, Sune Berg"]
[Result "0-1"]
[WhiteElo "2328"]
[BlackElo "2525"]
[PlyCount "80"]
[EventDate "2022.10.29"]
[EventType "team-tourn"]
[EventRounds "9"]
[EventCountry "DEN"]
[SourceTitle "EXT 2024"]
[Source "ChessBase"]
[SourceDate "2023.10.10"]
[SourceVersion "1"]
[SourceVersionDate "2023.10.10"]
[SourceQuality "1"]
[WhiteTeam "Copenhagen 68"]
[BlackTeam "Hillerod"]
[WhiteTeamCountry "DEN"]
[BlackTeamCountry "DEN"]

1. d4 Nf6 2. c4 e6 3. Nf3 d5 4. Nc3 c5 5. cxd5 Nxd5 6. e4 Nxc3 7. bxc3 cxd4 8. cxd4 Bb4+ 9. Bd2 Bxd2+ 10. Qxd2 0-0 11. Bc4 Nd7 12. 0-0 b6 13. Rfe1 Bb7 14. Rad1 Rc8 15. Bd3 h6 16. h3 Re8 17. Qf4 Qf6 18. Qg3 a6 19. e5 Qe7 20. Nd2 b5 21. Ne4 Bxe4 22. Rxe4 Kh8 23. Bb1 Rc4 24. Qd3 Nf8 25. Bc2 Qc7 26. Bb3 Rc3 27. Qe2 Ng6 28. Re3 Rd8 29. a4 bxa4 30. Bxa4 Rc4 31. Bb3 Rcxd4 32. Re1 a5 33. Qa6 Rd2 34. Ba4 Nf4 35. Qc6 Qxc6 36. Bxc6 Rc8 37. Be4 g5 38. h4 Rc5 39. hxg5 hxg5 40. Bf3 Nd3 0-1

[Event "Titled Tuesday intern op 05th Jul Early"]
[Site "Chess.com INT"]
[Date "2022.07.05"]
[Round "1"]
[White "Dilmukhametov, Artur"]
[Black "Hansen, Sune Berg"]
[Result "0-1"]
[WhiteElo "2276"]
[BlackElo "2525"]
[PlyCount "58"]
[EventDate "2022.07.05"]
[EventType "swiss (blitz)"]
[EventRounds "11"]
[EventCountry "USA"]
[SourceTitle "CBM 209 Extra"]
[Source "ChessBase"]
[SourceDate "2022.09.30"]
[SourceVersion "1"]
[SourceVersionDate "2022.09.30"]
[SourceQuality "1"]

1. e4 c6 2. d4 d5 3. exd5 cxd5 4. Nf3 Nc6 5. c4 Nf6 6. Nc3 Bg4 7. cxd5 Nxd5 8. Bc4 e6 9. h3 Bxf3 10. gxf3 Nb6 11. Bb3 Nxd4 12. Be3 Nxb3 13. Qxb3 Be7 14. Rd1 Qc7 15. Nb5 Qe5 16. 0-0 Nd5 17. f4 Qb8 18. f5 0-0 19. Bd4 Qf4 20. Qg3 Qxg3+ 21. fxg3 a6 22. Nc3 Nxc3 23. Bxc3 Rad8 24. fxe6 fxe6 25. Rxd8 Bxd8 26. Re1 Kf7 27. Re4 Bf6 28. Rb4 b5 29. a4 Be7 0-1

[Event "Titled Tuesday intern op 05th Jul Early"]
[Site "Chess.com INT"]
[Date "2022.07.05"]
[Round "5"]
[White "Hansen, Sune Berg"]
[Black "Bharath, Subramaniyam H"]
[Result "1-0"]
[WhiteElo "2525"]
[BlackElo "2479"]
[PlyCount "105"]
[EventDate "2022.07.05"]
[EventType "swiss (blitz)"]
[EventRounds "11"]
[EventCountry "USA"]
[SourceTitle "CBM 209 Extra"]
[Source "ChessBase"]
[SourceDate "2022.09.30"]
[SourceVersion "1"]
[SourceVersionDate "2022.09.30"]
[SourceQuality "1"]

1. Nf3 e6 2. g3 g5 3. h3 Bg7 4. d3 h6 5. Bg2 Nf6 6. e4 d6 7. Nbd2 c5 8. a4 Nc6 9. c3 b6 10. Qe2 Ba6 11. Nc4 Qe7 12. e5 dxe5 13. Nfxe5 Nxe5 14. Bxa8 Qd8 15. Nxe5 Qxa8 16. 0-0 0-0 17. f4 gxf4 18. Bxf4 Nd5 19. Bd2 Qb8 20. Rae1 f6 21. Qg4 Re8 22. Bxh6 Qc7 23. Bxg7 Qxg7 24. Qxg7+ Kxg7 25. Nc4 e5 26. Kf2 Rd8 27. Rd1 Ne7 28. Rfe1 Nc6 29. b3 Bc8 30. g4 Rh8 31. Kg3 Be6 32. Re3 Rd8 33. Rf1 Kg6 34. Ref3 Rf8 35. Nd2 Bd5 36. R3f2 Kg7 37. Ne4 Bxb3 38. Nxf6 Rd8 39. Nh5+ Kh8 40. Rf6 Rxd3+ 41. Kh4 Ne7 42. Rh6+ Kg8 43. Kg5 e4 44. Nf6+ Kf7 45. Nxe4+ Ke8 46. Nf6+ Kd8 47. Rh8+ Kc7 48. Rh7 Kd6 49. Re1 Be6 50. Ne8+ Kd7 51. Ng7 Rd5+ 52. Nf5 Bxf5 53. Rexe7+ 1-0

[Event "Titled Tuesday intern op 05th Jul Early"]
[Site "Chess.com INT"]
[Date "2022.07.05"]
[Round "8"]
[White "Hansen, Sune Berg"]
[Black "Maksimovic, Bojan"]
[Result "0-1"]
[WhiteElo "2525"]
[BlackElo "2465"]
[PlyCount "108"]
[EventDate "2022.07.05"]
[EventType "swiss (blitz)"]
[EventRounds "11"]
[EventCountry "USA"]
[SourceTitle "CBM 209 Extra"]
[Source "ChessBase"]
[SourceDate "2022.09.30"]
[SourceVersion "1"]
[SourceVersionDate "2022.09.30"]
[SourceQuality "1"]

1. Nf3 Nf6 2. g3 g6 3. Bg2 Bg7 4. 0-0 0-0 5. d4 d5 6. c4 c6 7. Qb3 dxc4 8. Qxc4 Be6 9. Qc2 Bf5 10. Qb3 Qb6 11. Qa3 Na6 12. Bd2 Qd8 13. Nc3 Ne4 14. Nxe4 Bxe4 15. Bg5 Re8 16. Rfd1 Qd6 17. Qe3 Qd5 18. Bh6 Rad8 19. Bxg7 Kxg7 20. Qc3 Kg8 21. Rd2 Nc7 22. Qb4 b6 23. a4 Qd6 24. Qb3 Nd5 25. Ng5 Bxg2 26. Kxg2 Qb4 27. Qxb4 Nxb4 28. Nf3 e5 29. dxe5 Rxd2 30. Nxd2 Rxe5 31. e3 Rc5 32. Rd1 Rc2 33. b3 Nd3 34. Ne4 Nc5 35. Rd8+ Kg7 36. Nd6 Nxb3 37. Rd7 Kf6 38. Nxf7 a5 39. Rc7 Ke6 40. h4 h5 41. Kf3 Nd2+ 42. Kf4 Nc4 43. Kg5 Rxf2 44. Rxc6+ Kd5 45. Rf6 Rxf6 46. Kxf6 b5 47. e4+ Kxe4 48. axb5 a4 49. b6 Nxb6 50. Nd6+ Kd3 51. Nb5 Kc4 52. Na3+ Kb3 53. Nb1 Kb2 54. Nd2 a3 0-1

[Event "Titled Tuesday intern op 05th Jul Early"]
[Site "Chess.com INT"]
[Date "2022.07.05"]
[Round "11"]
[White "Tan, Jun Ying"]
[Black "Hansen, Sune Berg"]
[Result "0-1"]
[WhiteElo "2191"]
[BlackElo "2525"]
[PlyCount "138"]
[EventDate "2022.07.05"]
[EventType "swiss (blitz)"]
[EventRounds "11"]
[EventCountry "USA"]
[SourceTitle "CBM 209 Extra"]
[Source "ChessBase"]
[SourceDate "2022.09.30"]
[SourceVersion "1"]
[SourceVersionDate "2022.09.30"]
[SourceQuality "1"]

1. d4 Nf6 2. c4 g6 3. Nc3 Bg7 4. e4 d6 5. Nf3 Nbd7 6. Be2 e5 7. 0-0 0-0 8. Be3 Re8 9. d5 Nh5 10. g3 Bf8 11. Ne1 Ng7 12. Nd3 Be7 13. Qd2 f5 14. f3 Rf8 15. Kh1 Nf6 16. Rac1 a6 17. c5 fxe4 18. fxe4 Bh3 19. Rf2 Ng4 20. Bxg4 Bxg4 21. Rcf1 Rxf2 22. Qxf2 Qe8 23. cxd6 cxd6 24. Bh6 Nh5 25. Qe3 Qd8 26. Nf2 Bd7 27. Nd3 Nf6 28. Qg1 Bh3 29. Re1 Ng4 30. Nf2 Nxh6 31. Nxh3 Qd7 32. Nf2 Rf8 33. Nd3 Qh3 34. Qg2 Qh5 35. Rf1 Rxf1+ 36. Qxf1 Ng4 37. Qe2 Bg5 38. a3 Be3 39. Qg2 Bd4 40. h3 Ne3 41. g4 Qh4 42. Qf3 Nc4 43. Ne2 Bxb2 44. Nxb2 Qe1+ 45. Kg2 Nxb2 46. Ng3 Qd2+ 47. Kf1 Nd3 48. Qf6 Qf4+ 49. Qxf4 Nxf4 50. h4 Kf7 51. g5 Ke7 52. Kf2 b5 53. Nf1 a5 54. Nd2 Kd7 55. Nb3 a4 56. Na5 Kc7 57. Nc6 Kb6 58. Nb4 Kc5 59. Kg3 Kc4 60. Na6 Nd3 61. Nc7 b4 62. axb4 a3 63. b5 Kc5 64. b6 Kxb6 65. Ne6 a2 66. Kg4 a1Q 67. h5 Qg1+ 68. Kh3 Nf2+ 69. Kh4 Qg4# 0-1

[Event "Bundesliga 2122"]
[Site "Germany"]
[Date "2022.04.30"]
[Round "5.4"]
[White "Hansen, Sune Berg"]
[Black "Korobov, Anton"]
[Result "1/2-1/2"]
[WhiteElo "2528"]
[BlackElo "2695"]
[PlyCount "68"]
[EventDate "2022.03.05"]
[EventType "team-tourn"]
[EventRounds "15"]
[EventCountry "GER"]
[SourceTitle "EXT 2023"]
[Source "ChessBase"]
[SourceDate "2022.10.05"]
[SourceVersion "1"]
[SourceVersionDate "2022.10.05"]
[SourceQuality "1"]
[WhiteTeam "Hamburger SK"]
[BlackTeam "Viernheim"]
[WhiteTeamCountry "GER"]
[BlackTeamCountry "GER"]

1. Nf3 c5 2. c4 Nf6 3. Nc3 d5 4. cxd5 Nxd5 5. e4 Nb4 6. d3 N4c6 7. h3 Nd4 8. Nxd4 cxd4 9. Nb1 Nc6 10. Be2 e5 11. Nd2 Be7 12. 0-0 0-0 13. a3 Bd7 14. Bg4 Be8 15. g3 b5 16. Nf3 Qd6 17. h4 a5 18. Bd2 a4 19. b4 Bd7 20. Nh2 Rac8 21. Rc1 Na7 22. Qe2 Rxc1 23. Rxc1 Rc8 24. Rxc8+ Nxc8 25. Bxd7 Qxd7 26. Qg4 Qxg4 27. Nxg4 f6 28. h5 Na7 29. Nh2 Nc6 30. Nf3 Kf7 31. g4 g6 32. hxg6+ hxg6 33. Kf1 Ke6 34. Ke2 g5 1/2-1/2